000
00293nam a22001337a 4500
008
170914b xxu||||| |||| 00| 0 eng d
020
_a
9780415502306
041
_a
eng
080
_2
3RD
_a
7
100
_a
44
101
_a
ART
245
_a
PERFORMANCE STUDIES
_c
SCHECHNER,R
942
_2
udc
_c
BK
999
_c
27685
_d
27685